Saltar al contenido
Inicio
Centros participantes
Catálogo
Servicios
Contacto
Prijava
English
Deutsch
Español
Français
Italiano
日本語
Nederlands
Português
Português (Brasil)
中文(简体)
中文(繁體)
Türkçe
עברית
Gaeilge
Cymraeg
Ελληνικά
Català
Euskara
Русский
Čeština
Suomi
Svenska
polski
Dansk
slovenščina
اللغة العربية
বাংলা
Galego
Tiếng Việt
Hrvatski
हिंदी
Հայերէն
Українська
Sámegiella
Jezik
Vsa polja
Naslov
Avtor
Tema
Signatura
ISBN/ISSN
Oznaka
Išči
Napredno
Centroamérica: la crisis sin f...
Citiraj
Pošljite email
Natisni
Izvozi zadetek
Izvozi v RefWorks
Izvozi v EndNoteWeb
Izvozi v EndNote
Dodaj v priljubljene
Enlace Permanente
Agregar primera valuación
Centroamérica: la crisis sin fin
Shranjeno v:
Bibliografske podrobnosti
Glavni avtor:
Aguilera Peralta, Gabriel
Format:
Texto
Izdano:
Tegucigalpa:
UNAH
Oznake:
Označite
Brez oznak, prvi označite!
Zaloga
Opis
Komentarji
Podobne knjige/članki
Knjižničarski pogled
MARC
LEADER
00000 a a2200000 04500
001
23656
003
040
090
|a
165500
100
|a
Aguilera Peralta, Gabriel
245
|a
Centroamérica: la crisis sin fin
260
|a
Tegucigalpa:
|b
UNAH
300
|a
20 p.
999
|c
9690
|d
9690
Podobne knjige/članki
Centroamérica: la crisis sin fin /
od: Aguilera Peralta, Gabriel
Contribución a la crítica de la economía política, Karl Marx, cap. I: La Mercancía
De la guerra mundial a la sociedad de la abundancia, 1941-1961. Fotocopia Cap.7: Estados Unidos de América
Medición del empleo y subempleo en el sector rural (fotocopia)
Estructuras agrarias y empleo en América Latina: un marco analítico
od: Klein, Emilio